| 000 | 00811cam a2200229 4500 | ||
|---|---|---|---|
| 008 | 000000n2000 000 0 eng u | ||
| 035 | _a(Sirsi) u108172 | ||
| 245 | _aLondon sales dip threatens fees | ||
| 260 | _c2000 | ||
| 490 |
_aEstates Gazette _v(0035)2 September 2000, 36(1) |
||
| 520 | _aCountrywide reports a fall in the number of house sales over the last three months, with a particularly sharp slowdown in London and the south east. This has prompted fears of serious fee cuts for London residential agents. | ||
| 590 | _aWB | ||
| 650 | _aHOUSING | ||
| 650 | _aHOUSE PRICES | ||
| 650 | _aHOUSE SALES | ||
| 650 | _aRESIDENTIAL AGENTS | ||
| 650 | _aFEES | ||
| 650 | _aCOUNTRYWIDE | ||
| 650 | _aLONDON | ||
| 690 | _aPROPERTY-RESIDENTIAL PROPERTY-RESIDENTIAL PROPERTY MARKET | ||
| 942 | _n0 | ||
| 999 |
_c64612 _d64612 |
||